| 000 | 00834aam a2200313 4500 | ||
|---|---|---|---|
| 005 | 20161117100650.0 | ||
| 008 | 150622b xxu||||| |||| 00| 0 spa d | ||
| 041 | _aEspañol | ||
| 082 | _a005.262 S548a | ||
| 100 |
_aShepherd, George _925232 |
||
| 245 | _aMicrosoft ASP.NET 4.0: paso a paso | ||
| 260 |
_aEspaña _bANAYA _c2011 |
||
| 300 | _a752 páginas | ||
| 650 |
_aLENGUAJE DE PROGRAMACIÓN _910723 |
||
| 650 |
_aASP.NET _99114 |
||
| 650 |
_aHTTP _99009 |
||
| 650 |
_aHTML _95535 |
||
| 650 |
_aWEB _97352 |
||
| 650 |
_aASP _98998 |
||
| 650 |
_aCONTROLES WEB _910731 |
||
| 650 |
_aCONFIGURACIONES _925233 |
||
| 650 |
_aAUTENTICACIÓN _925234 |
||
| 650 |
_aENLACE DE DATOS _914078 |
||
| 650 |
_aSQL SERVER _99006 |
||
| 650 |
_aDIAGNÓSTICO _9295 |
||
| 650 |
_aDEPURACIÓN _912243 |
||
| 650 |
_aAJAX _96655 |
||
| 942 | _cBK | ||
| 999 |
_c2980 _d2980 |
||